| 000 | 00994cam a22002895a 4500 | ||
|---|---|---|---|
| 001 | 014910107 | ||
| 003 | OSt | ||
| 005 | 20170111145650.0 | ||
| 008 | 090212t2009 enka frb 000 0 eng d | ||
| 020 | _a9781850971832 | ||
| 020 | _a1850971838 | ||
| 040 |
_aStDuBDS _beng _cStDuBDS _dUk _dEG-ScBUE |
||
| 041 | 1 |
_aeng _hger |
|
| 082 | 0 | 4 |
_222 _a617.69 _bHUG |
| 100 | 1 | _aHugo, Burkard. | |
| 245 | 1 | 0 |
_aEsthetics with resin composite : _bbasics and techniques / _cBurkard Hugo with contributions from Walter Denner. |
| 260 |
_aLondon : _bQuintessence Publishing Co Ltd., _cc.2009. |
||
| 300 |
_axii, 260 p. : _bill. ; _c29 cm. + _e1 DVD. |
||
| 504 | _aIncludes bibliographical references. | ||
| 546 | _atext in English ; Translated from original German. | ||
| 650 | 7 |
_aDentistry, Operative. _2BUEsh _930617 |
|
| 650 | 7 |
_aDentistry _xAesthetic aspects. _2BUEsh _932104 |
|
| 650 | 7 |
_aDental resins. _2BUEsh |
|
| 653 |
_bDDent _cJanuary2017 |
||
| 700 | 1 |
_aDenner, Walter, _econtributor. |
|
| 942 | _2ddc | ||
| 999 |
_c23892 _d23864 |
||